US States Without Major Tornadoes - Statistics

General Stats
  • This quiz has been taken 41 times
  • The average score is 3 of 6
Answer Stats
Answer % Correct
Hawaii
85%
Alaska
82%
Maine
68%
Rhode Island
26%
Idaho
21%
Nevada
18%
No matching quizzes found
Score Distribution
Percent of People with Each Score
Percentile by Number Answered
Your Score History
You have not taken this quiz